000 01013cam a22003498a 4500
001 17075261
005 20140903131817.0
008 111205s2012 enk b 001 0 eng
010 _a 2011049922
020 _a9780230202627 (pbk. : alk. paper)
035 _a(DNLM)101573987
040 _aDNLM/DLC
_cDLC
042 _apcc
050 _aRT 86.3
_b.Sm63 2012
060 1 0 _aWY 87
082 0 0 _a616.89/0231
100 1 _aSmith, Pam.
245 1 4 _aThe emotional labour of nursing revisited :
_bcan nurses still care? /
_cPam Smith.
250 _a2nd ed.
260 _aBasingstoke, Hampshire :
_bPalgrave Macmillan,
_cc2012.
263 _a1201
300 _ap. ;
_ccm.
521 _aNUR
650 1 2 _aNurses
_xpsychology.
650 2 2 _aEmpathy.
650 2 2 _aNurse's Role.
650 2 2 _aNurse-Patient Relations.
650 2 2 _aNursing Care
_xpsychology.
700 1 _aSmith, Pam.
_tEmotional labour of nursing.
906 _a7
_bcbc
_corignew
_d1
_eecip
_f20
_gy-gencatlg
942 _2lcc
_cBK
_kFOR
999 _c275375
_d275375